=LDR 00000nam 2200000 4500 =001 INLIS000000000002368 =005 20210113122704 =035 ##$$a 0010-061300000002368 =008 210113################g##########0#ind## =041 ##$$a Ind =082 ##$$a 332.1 =090 ##$$a 813, Bur b =100 ##$$a Burhanuddin, Andi =245 1#$$a Bankir, Andi Burhanuddin =260 ##$$a Jakarta :$b Pustaka sinar harapan,$c 1999 =300 ##$$a 236 hlm ; $c 21x14 cm =650 #4$$a Bank dan perbankan =850 ##$$a NBPNMAT =020 ##$$a 979-416-597-2 =084 ##$$a 332.1 BUR b =250 ##$$a cet.1 =990 ##$$a 144.207/Pro.99 =990 ##$$a 144.208/Pro.99 =990 ##$$a DW99008235 =990 ##$$a 20405165 =990 ##$$a 20405168 =990 ##$$a 07000700 =990 ##$$a 20405166 =990 ##$$a 144.207/Pro.99 =990 ##$$a 144.208/Pro.99 =990 ##$$a DW99008235 =990 ##$$a 20405165 =990 ##$$a 20405168